000 01434nam a2200349 a 4500
001 ebr10524604
003 CaPaEBR
006 m u
007 cr cn|||||||||
008 120208s2011 si a sb 000 0 eng d
020 _z981436097X
020 _z9789814360975
020 _z9789814360999 (e-book)
040 _aCaPaEBR
_cCaPaEBR
035 _a(OCoLC)778434593
043 _aa-si---
050 1 4 _aQA14.S55
_bA87 2011eb
245 0 0 _aAssessment in the mathematics classroom
_h[electronic resource] :
_byearbook 2011 Association of Mathematics Educators /
_ceditors, Berinderjeet Kaur, Wong Khoon Yoong.
260 _aSingapore :
_bWorld Scientific,
_c2011.
300 _avi, 297 p. :
_bill.
490 1 _aYearbook ;
_v2011
504 _aIncludes bibliographical references.
533 _aElectronic reproduction.
_bPalo Alto, Calif. :
_cebrary,
_d2012.
_nAvailable via World Wide Web.
_nAccess may be limited to ebrary affiliated libraries.
650 0 _aMathematics
_xStudy and teaching
_zSingapore.
650 0 _aMathematical ability
_xTesting.
655 7 _aElectronic books.
_2local
700 1 _aKaur, Berinderjeet,
_d1955-
700 1 _aWong, Khoon Yoong.
710 2 _aebrary, Inc.
830 0 _aYearbook (Association of Mathematics Educators (Singapore)) ;
_v2011.
856 4 0 _uhttp://site.ebrary.com/lib/rucke/Doc?id=10524604
_zAn electronic book accessible through the World Wide Web; click to view
999 _c143411
_d143411